| Tag |
First Indicator |
Second Indicator |
Subfields |
| LEADER |
00000cam a2200000 i 4500 |
| 001 |
in00002837372 |
| 005 |
20211120170528.0 |
| 006 |
m o d f |
| 007 |
cr mn||||||||| |
| 008 |
121226s2012 vauab ob f000 0 eng c |
| 035 |
|
|
|a (OCoLC)ocn822967310
|
| 040 |
|
|
|a GPO
|b eng
|e rda
|c GPO
|d MvI
|d UtOrBLW
|
| 042 |
|
|
|a pcc
|
| 043 |
|
|
|a a-ye---
|
| 049 |
|
|
|a WWW
|
| 074 |
|
|
|a 0334-A-22 (online)
|
| 086 |
0 |
|
|a D 103.39:Y 3
|
| 100 |
1 |
|
|a Hadden, Robert Lee,
|d 1951-
|e author.
|
| 245 |
1 |
4 |
|a The geology of Yemen :
|b an annotated bibliography of Yemen's geology, geography, and earth science /
|c by R. Lee Hadden.
|
| 246 |
3 |
0 |
|a Annotated bibliography of Yemen's geology, geography, and earth science
|
| 264 |
|
1 |
|a Alexandria, Virginia :
|b Army Geospatial Center, US Army Corps of Engineers,
|c 2012.
|
| 300 |
|
|
|a 1 online resource (330 pages) :
|b color illustrations, color maps.
|
| 336 |
|
|
|a text
|b txt
|2 rdacontent
|
| 337 |
|
|
|a computer
|b c
|2 rdamedia
|
| 338 |
|
|
|a online resource
|b cr
|2 rdacarrier
|
| 500 |
|
|
|a Title from title screen (viewed Dec. 5, 2012).
|
| 500 |
|
|
|a "January 2012."
|
| 504 |
|
|
|a Includes bibliographical references.
|
| 650 |
|
0 |
|a Geology
|z Yemen (Republic)
|v Bibliography.
|
| 650 |
|
0 |
|a Hydrology
|z Yemen (Republic)
|v Bibliography.
|
| 710 |
2 |
|
|a Army Geospatial Center (U.S.),
|e issuing body.
|
| 776 |
0 |
8 |
|i Print version:
|a Hadden, Robert Lee, 1951-
|t Geology of Yemen
|w (OCoLC)820353372
|
| 856 |
4 |
0 |
|u https://purl.fdlp.gov/GPO/gpo31923
|t 0
|
| 999 |
|
|
|a MARS
|
| 999 |
f |
f |
|s 0b747bb7-75cc-30cb-9652-a5c5a0943ea1
|i 1a13ece0-db51-35cc-b1f7-b1ce297b948d
|t 0
|
| 952 |
f |
f |
|a Texas A&M University
|b College Station
|c Electronic Resources
|d Available Online
|t 0
|e D 103.39:Y 3
|h Superintendent of Documents classification
|
| 998 |
f |
f |
|a D 103.39:Y 3
|t 0
|l Available Online
|